00815nam a22002417a 45000010005000000030006000050050017000110080041000280200018000690400029000870820011001161000015001272450068001422600038002103000049002485050008002975200129003055210021004345210020004556500034004756500032005097000032005415374FISKH20241129111549.0241129b cb ||||| |||| 00| 0 eng d a9780762437801 aFISKHbengcFISKHdFISKH a352.23 aFrey, Marc aThe Big Book of U.S. Presidents /cBy Marc Frey and Todd Davis  aLondon : bRunning Press ;c2008. a56 pages : bcolor illustrations ;c31 cm .  aZ  aAn illustrated introduction to U.S. Presidents which includes portraits, nicknames, famous quotes, legends and achievements.8 a1250 bLexile 8 aZ bRaz-Plus  aAmerican historyvNon-fiction asocial studiesvNon-fiction aSipala, Frankeillustrator